000 00623nam a22002417a 4500
003 UA-OsUOA
001 124658
007 ta
008 20170822b un ||||| |||| 00| 0 ukr d
100 _aБеккер Г. А.
090 _a821.161.2
_bБ42
942 _cBK
040 _aUA-OsUOA
_bukr
_cUA-OsUOA
_dUA-OsUOA
245 _aРими
_bпоезія
300 _a120 с.
955 _a3
041 _aukr
080 _a821.161.2
020 _a5-7707 -3685-2
260 _aЛуцьк
_bНадстир'я
_c1993
650 7 _a82 Література. Літературознавство
_2UDC
999 _c411791
_d411791